Primo-Omo

Saved in:
Bibliografiske detaljer
Hovedforfatter: Rozzi, Sergio
Format: Ukendt
Sprog:engelsk
Udgivet: Bologna Edizioni Le Mondine 2006
Tags: Tilføj Tag
Ingen Tags, Vær først til at tagge denne postø!

MARC

LEADER 00000 a2200000 4500
005 20240717184234.0
008 240717b |||||||| |||| 00| 0 eng d
020 |a 9788890092855 
040 |c GP 
100 |a Rozzi, Sergio 
245 |a Primo-Omo 
260 |a Bologna  |b Edizioni Le Mondine  |c 2006 
942 |2 ddc  |c BK  |n 0 
952 |0 0  |1 0  |2 ddc  |4 0  |6 306_766000000000000_ROZ  |7 1  |9 1634  |a RM  |b RM  |d 2024-07-17  |l 0  |o 306.766 ROZ  |p 630  |r 2024-07-17 18:42:59  |w 2024-07-17  |y BK 
999 |c 1450  |d 1450